[Event "I Festival Torre delle Stelle A"]
[Site "Sinnai ITA"]
[Date "2011.06.23"]
[Round "3"]
[White "Ciampi, Vincenzo"]
[Black "Ibba, Isacco"]
[Result "1/2-1/2"]
[WhiteElo "2101"]
[BlackElo "2187"]
[PlyCount "82"]
[EventDate "2011.06.22"]

1. d4 d5 2. Nf3 e6 3. c4 c6 4. Qc2 Bd6 5. Nc3 f5 6. g3 Nf6 7. Bg2 O-O 8. Bf4
Bxf4 9. gxf4 Ne4 10. h4 Nd7 11. Ng5 Ndf6 12. Bxe4 fxe4 13. e3 h6 14. Qe2 Qe8
15. O-O-O hxg5 16. hxg5 Nh7 17. Rh4 Rf5 18. Rdh1 Nf8 19. Rh8+ Kf7 20. R1h7 Bd7
21. Qh5+ Ke7 22. Rxg7+ Kd6 23. Qh6 Rc8 24. Rgg8 Qe7 25. g6 Qf6 26. g7 Qxh6 27.
Rxh6 Rf7 28. Rhh8 Ke7 29. gxf8=Q+ Rcxf8 30. Rxf8 Rxf8 31. Rxf8 Kxf8 32. c5 Ke7
33. Ne2 Kd8 34. Kd2 Kc7 35. Kc3 b6 36. b4 Be8 37. a4 Bh5 38. Nc1 Bd1 39. Nb3
Be2 40. a5 bxa5 41. Nxa5 Bd1 1/2-1/2

[Event "I Festival Torre delle Stelle A"]
[Site "Sinnai ITA"]
[Date "2011.06.23"]
[Round "3"]
[White "Ciobanu, Camelia-Adriana"]
[Black "Belvisi, Ivano"]
[Result "1-0"]
[WhiteElo "2216"]
[BlackElo "2003"]
[PlyCount "83"]
[EventDate "2011.06.22"]

1. d4 Nf6 2. c4 e6 3. Nf3 c5 4. d5 exd5 5. cxd5 d6 6. Nc3 g6 7. g3 Bg7 8. Bg2
O-O 9. O-O Re8 10. h3 Na6 11. Nd2 Nc7 12. a4 b6 13. Nc4 Ba6 14. Qb3 Bxc4 15.
Qxc4 Rb8 16. Nb5 Nxb5 17. axb5 Rb7 18. e4 Nd7 19. Qc2 Nf8 20. Bd2 Qd7 21. Qb3
f5 22. exf5 Qxf5 23. Bf4 Rd7 24. h4 Re2 25. Ra2 h6 26. Bf3 Ree7 27. Ra4 Qf6 28.
Bg4 Rd8 29. Qa2 Qxb2 30. Qxb2 Bxb2 31. Bxh6 Bf6 32. Rd1 Kh7 33. Bf4 Kg7 34. Kg2
Nh7 35. Rd3 Bb2 36. Re3 Rc7 37. Re2 Bc3 38. Re6 Rcd7 39. Re3 Bd2 40. Rea3 Bxf4
41. Bxd7 Bc1 42. Ra1 1-0

[Event "I Festival Torre delle Stelle A"]
[Site "Sinnai ITA"]
[Date "2011.06.23"]
[Round "3"]
[White "De Rosa, Mariagrazia"]
[Black "Shytaj, Luca"]
[Result "0-1"]
[WhiteElo "2113"]
[BlackElo "2494"]
[PlyCount "76"]
[EventDate "2011.06.22"]

1. e4 c5 2. Nf3 d6 3. d4 cxd4 4. Nxd4 Nf6 5. Nc3 Bd7 6. Bc4 e6 7. f3 a6 8. a4
Nc6 9. Be3 Ne5 10. Bb3 Rc8 11. g4 h6 12. Qe2 Be7 13. h4 Qa5 14. Kf2 g6 15. g5
Nh5 16. f4 Nc6 17. Qf3 Bd8 18. Rad1 Bb6 19. Kg2 Bc5 20. Rhf1 Qb6 21. Nce2 hxg5
22. hxg5 Rf8 23. Rd2 Kd8 24. Rfd1 Kc7 25. Nxc6 Bxe3 26. a5 Qc5 27. Rd3 Nxf4+
28. Nxf4 Qxg5+ 29. Kf1 Qxf4 30. Rxe3 Qxf3+ 31. Rxf3 Bxc6 32. Rc3 Rh8 33. Rd4
Rh5 34. Rf3 Be8 35. Rc3+ Kd8 36. Rxc8+ Kxc8 37. Rxd6 Bc6 38. Rd4 Re5 0-1

[Event "I Festival Torre delle Stelle A"]
[Site "Sinnai ITA"]
[Date "2011.06.23"]
[Round "3"]
[White "Deruda, Leonardo"]
[Black "D'Orta, Antonio"]
[Result "1-0"]
[WhiteElo "1930"]
[BlackElo "1922"]
[PlyCount "90"]
[EventDate "2011.06.22"]

1. g3 c6 2. Nf3 d5 3. Bg2 Bg4 4. h3 Bf5 5. O-O Nf6 6. d3 Nbd7 7. Nbd2 e5 8. Nh4
Be6 9. e4 Bc5 10. Qe2 g5 11. Nf5 Bxf5 12. exf5 Qc7 13. Kh1 O-O-O 14. c3 h5 15.
b4 Bd6 16. Rb1 g4 17. h4 Rhe8 18. c4 e4 19. dxe4 dxe4 20. c5 Be5 21. Nc4 Re7
22. Rd1 Nd5 23. Bb2 Bxb2 24. Nd6+ Kb8 25. Qxb2 e3 26. fxe3 Nxe3 27. Rd3 Nxg2
28. Qxg2 Ne5 29. Rdd1 Nf3 30. Rb3 f6 31. Qf2 Re4 32. a3 Re5 33. Rbd3 Qe7 34.
Rxf3 gxf3 35. Qxf3 Re3 36. Qf4 Ka8 37. Rd2 Rxa3 38. Qf2 Rg8 39. Re2 Qg7 40. Qe1
a6 41. Re8+ Ka7 42. Nc8+ Kb8 43. Nd6+ Rxe8 44. Qxe8+ Ka7 45. Nc8+ Kb8 1-0

[Event "I Festival Torre delle Stelle A"]
[Site "Sinnai ITA"]
[Date "2011.06.23"]
[Round "3"]
[White "Du Plessis, Heinco"]
[Black "Puzzoni, Christian"]
[Result "1-0"]
[WhiteElo "2120"]
[BlackElo "2089"]
[PlyCount "55"]
[EventDate "2011.06.22"]

1. e4 e5 2. Nf3 Nc6 3. d4 exd4 4. Nxd4 Bc5 5. Nb3 Bb6 6. Qe2 Qf6 7. Nc3 Nge7 8.
Be3 O-O 9. O-O-O d6 10. Nb5 Be6 11. f4 Nb4 12. Kb1 Nec6 13. a3 Nxc2 14. Kxc2
Bxb3+ 15. Kxb3 Qe6+ 16. Kc3 Na5 17. Bxb6 Qb3+ 18. Kd2 cxb6 19. Ke1 Rac8 20. Nd4
Qa2 21. b4 Qxa3 22. bxa5 Rfe8 23. axb6 Rc3 24. Nb5 Qb4 25. Nxc3 Qxc3+ 26. Kf2
a5 27. Qe3 Qb4 28. Qd4 1-0

[Event "I Festival Torre delle Stelle A"]
[Site "Sinnai ITA"]
[Date "2011.06.23"]
[Round "3"]
[White "Locci, Damiano"]
[Black "Caprio, Guido"]
[Result "1/2-1/2"]
[WhiteElo "2167"]
[BlackElo "2305"]
[PlyCount "110"]
[EventDate "2011.06.22"]

1. c4 Nf6 2. Nc3 e5 3. Nf3 Nc6 4. a3 d5 5. cxd5 Nxd5 6. Qc2 Be7 7. e3 O-O 8.
Nxd5 Qxd5 9. Bc4 Qd6 10. b4 Be6 11. Bb2 a6 12. Bxe6 Qxe6 13. d4 exd4 14. Nxd4
Nxd4 15. Bxd4 a5 16. O-O Bd6 17. Bc5 axb4 18. axb4 Rxa1 19. Rxa1 Qe5 20. Rd1
Qxh2+ 21. Kf1 Bxc5 22. Qxc5 Qh1+ 23. Ke2 Qxg2 24. Rd4 Ra8 25. Qxc7 Ra2+ 26. Kd3
Qg6+ 27. e4 h5 28. Rd6 Qg4 29. Qd8+ Kh7 30. Kd4 Qd1+ 31. Kc5 Rc2+ 32. Kb5 Qe2+
33. Ka5 Ra2+ 34. Kb6 Ra6+ 35. Kc7 Qxe4 36. Rd5 Qc4+ 37. Kb8 Rh6 38. Qd7 Qf4+
39. Ka8 Qxf2 40. Qxb7 Rb6 41. Rxh5+ Kg6 42. Qd5 Qf4 43. Rh8 Qxb4 44. Qg2+ Kf6
45. Qf2+ Kg5 46. Qg1+ Kf6 47. Qf2+ Ke7 48. Qe3+ Re6 49. Qg5+ Kd7 50. Qd8+ Kc6
51. Qc8+ Kd6 52. Qd8+ Kc6 53. Qc8+ Kd6 54. Qd8+ Ke5 55. Qg5+ Kd6 1/2-1/2

[Event "I Festival Torre delle Stelle A"]
[Site "Sinnai ITA"]
[Date "2011.06.23"]
[Round "3"]
[White "Manca, Luca"]
[Black "Mallo', Danilo"]
[Result "1/2-1/2"]
[WhiteElo "1995"]
[BlackElo "1930"]
[PlyCount "68"]
[EventDate "2011.06.22"]

1. e4 c5 2. Nf3 d6 3. Bc4 Nc6 4. O-O Nf6 5. Nc3 e6 6. d4 cxd4 7. Nxd4 Be7 8. b3
O-O 9. Ba3 Qa5 10. Bb2 Rd8 11. Nxc6 bxc6 12. Qe2 d5 13. exd5 cxd5 14. Bd3 Bb7
15. a4 Rac8 16. Nb5 Nd7 17. c3 e5 18. b4 Qb6 19. a5 Qf6 20. Nxa7 e4 21. Nxc8
Bxc8 22. Bb5 Ne5 23. f3 exf3 24. Rxf3 Nxf3+ 25. Qxf3 Qg6 26. Bd3 Qc6 27. Rf1
Be6 28. Kh1 Qa4 29. Qh5 h6 30. Qe5 Bf6 31. Qg3 Kh8 32. Qf2 Qb3 33. Qc2 Qxc2 34.
Bxc2 Rc8 1/2-1/2

[Event "I Festival Torre delle Stelle A"]
[Site "Sinnai ITA"]
[Date "2011.06.23"]
[Round "3"]
[White "Mariotti, Sergio"]
[Black "Grinza, Andrea"]
[Result "1-0"]
[WhiteElo "2329"]
[BlackElo "2109"]
[PlyCount "57"]
[EventDate "2011.06.22"]

1. e4 c6 2. d4 d5 3. Nc3 dxe4 4. Nxe4 Bf5 5. Ng3 Bg6 6. h4 h6 7. Nf3 Nd7 8. Bd3
Bxd3 9. Qxd3 e6 10. Bf4 Qa5+ 11. Bd2 Bb4 12. c3 Be7 13. a4 Ngf6 14. O-O O-O 15.
b4 Qc7 16. c4 Rfd8 17. Qe2 Bd6 18. Ne4 Nxe4 19. Qxe4 Nf6 20. Qe2 Qe7 21. Rab1
Rd7 22. g3 Rad8 23. Bc3 Bb8 24. Rfe1 a6 25. a5 Ng4 26. Qe4 h5 27. Re2 Nh6 28.
Rbe1 Nf5 29. Qxf5 1-0

[Event "I Festival Torre delle Stelle A"]
[Site "Sinnai ITA"]
[Date "2011.06.23"]
[Round "3"]
[White "Markos, Jan"]
[Black "Piscopo, Pierluigi"]
[Result "1-0"]
[WhiteElo "2568"]
[BlackElo "2417"]
[PlyCount "71"]
[EventDate "2011.06.22"]

1. d4 Nf6 2. c4 c5 3. d5 g6 4. Nc3 Bg7 5. e4 d6 6. Nf3 O-O 7. Be2 e6 8. h3 exd5
9. exd5 a6 10. O-O b5 11. cxb5 axb5 12. Bxb5 Ba6 13. Re1 Qb6 14. a4 Bxb5 15.
Nxb5 Na6 16. Bf4 Nb4 17. Bxd6 Rfc8 18. Ne5 Nbxd5 19. Qf3 Rxa4 20. Rxa4 Qxb5 21.
Qa3 Ne8 22. Ra5 Qb7 23. Nc4 Bd4 24. Be5 Bxe5 25. Rxe5 Nf4 26. Qg3 Ne6 27. Qe3
Qc6 28. Qe4 Qxe4 29. Rxe4 Nf6 30. Re1 Rb8 31. Ra7 Nd5 32. Ne5 Ndc7 33. Rd1 Rxb2
34. Rd7 Rb1+ 35. Kh2 c4 36. Rdxc7 1-0

[Event "I Festival Torre delle Stelle A"]
[Site "Sinnai ITA"]
[Date "2011.06.23"]
[Round "3"]
[White "Paulesu, Sebastiano"]
[Black "Sollai, Matteo"]
[Result "1-0"]
[WhiteElo "1926"]
[BlackElo "1805"]
[PlyCount "119"]
[EventDate "2011.06.22"]

1. e4 Nc6 2. Nf3 Nf6 3. e5 Ng4 4. d4 d6 5. h3 Nh6 6. Bb5 Bd7 7. Nc3 e6 8. Bxh6
gxh6 9. Qe2 d5 10. a3 Qe7 11. Na4 O-O-O 12. O-O-O f6 13. Rhe1 Rg8 14. g3 fxe5
15. dxe5 Qe8 16. Nc3 Nb8 17. Bd3 Qf7 18. Nh2 Bc5 19. Ng4 Rg7 20. Rd2 Qe7 21.
Nb1 Nc6 22. c3 d4 23. c4 Be8 24. Nf6 Bg6 25. f4 Na5 26. Qd1 Bxd3 27. Rxd3 Nxc4
28. Ne4 Bb6 29. Qb3 Na5 30. Qc2 Kb8 31. Nbd2 c5 32. Nc4 Nxc4 33. Qxc4 Ba5 34.
Re2 Rd5 35. Rc2 Bb6 36. b4 Rg8 37. Nf6 Qd8 38. Nxg8 Qxg8 39. bxc5 Rxc5 40. Qb3
Qc8 41. Kd1 Qc6 42. Rxc5 Bxc5 43. Qc2 Qh1+ 44. Kd2 Qg2+ 45. Kc1 Qh1+ 46. Kb2
Qc6 47. Rb3 d3 48. Rxd3 Qb6+ 49. Ka2 a6 50. Rc3 Bd4 51. Rb3 Qa5 52. Qd3 Qd5 53.
Qc2 Qh1 54. Rd3 Qd5+ 55. Qb3 Qg2+ 56. Kb1 Qh1+ 57. Rd1 Qe4+ 58. Qd3 Qxd3+ 59.
Rxd3 Bf2 60. a4 1-0

[Event "I Festival Torre delle Stelle A"]
[Site "Sinnai ITA"]
[Date "2011.06.23"]
[Round "3"]
[White "Zuccarelli, Angelo"]
[Black "Mameli, Gianluca"]
[Result "0-1"]
[WhiteElo "1897"]
[BlackElo "1945"]
[PlyCount "72"]
[EventDate "2011.06.22"]

1. e4 e6 2. d4 d5 3. Nd2 Nf6 4. e5 Nfd7 5. Bd3 c5 6. c3 Nc6 7. Ne2 Qc7 8. f4
cxd4 9. cxd4 Nb4 10. Bb1 b5 11. a3 Nc6 12. O-O f6 13. Nf3 Be7 14. Bd3 Rb8 15.
b3 a5 16. Bd2 Ba6 17. Qc2 Rc8 18. Rfc1 Qb6 19. Qd1 O-O 20. Qe1 Ndb8 21. Qg3 b4
22. Bxa6 Qxa6 23. Qe1 bxa3 24. Rc2 Nb4 25. Rxc8 Rxc8 26. Qd1 Nd3 27. Nc1 Nc6
28. Qe2 Ndb4 29. Rxa3 Qb6 30. Be3 Nc2 31. Ra4 N6b4 32. Kf2 Nxe3 33. Qxe3 Rxc1
34. Kg3 Rd1 35. Qe2 Rd3 36. Rxb4 Rxf3+ 0-1

[Event "I Festival Torre delle Stelle A"]
[Site "Sinnai ITA"]
[Date "2011.06.24"]
[Round "4"]
[White "Belvisi, Ivano"]
[Black "Paulesu, Sebastiano"]
[Result "1-0"]
[WhiteElo "2003"]
[BlackElo "1926"]
[PlyCount "71"]
[EventDate "2011.06.22"]

1. d4 d5 2. c4 c6 3. Nc3 e6 4. cxd5 exd5 5. Nf3 Nf6 6. Qc2 Bd6 7. Bg5 O-O 8. e3
Nbd7 9. Bd3 Qc7 10. O-O-O b5 11. Kb1 a5 12. Rc1 Qb6 13. Ne2 Bb7 14. Ng3 Rfc8
15. Bf5 Rc7 16. Bxd7 Nxd7 17. Nf5 Bf8 18. Bf4 Rcc8 19. Bd6 c5 20. Bxf8 Kxf8 21.
Ne5 Nxe5 22. dxe5 Qg6 23. Nd6 Qxc2+ 24. Rxc2 Ba6 25. Nxc8 Rxc8 26. Rhc1 c4 27.
Rd2 Bb7 28. Rcd1 Rc7 29. e4 dxe4 30. Rd7 Rxd7 31. Rxd7 Bc6 32. Rc7 Be8 33. a4
f5 34. exf6 gxf6 35. axb5 Bxb5 36. Kc2 1-0

[Event "I Festival Torre delle Stelle A"]
[Site "Sinnai ITA"]
[Date "2011.06.24"]
[Round "4"]
[White "Brunello, Sabino"]
[Black "Markos, Jan"]
[Result "1/2-1/2"]
[WhiteElo "2537"]
[BlackElo "2568"]
[PlyCount "41"]
[EventDate "2011.06.22"]

1. d4 Nf6 2. Nf3 g6 3. g3 Bg7 4. Bg2 O-O 5. O-O d5 6. c4 dxc4 7. Na3 c3 8. bxc3
c5 9. e3 Nc6 10. Qe2 Qa5 11. Bb2 Bf5 12. Nd2 cxd4 13. cxd4 Bg4 14. Bf3 Be6 15.
Nb3 Bxb3 16. axb3 Qb6 17. Qd3 Nb4 18. Qd2 Nc6 19. Qd3 Nb4 20. Qd2 Nc6 21. Qd3
1/2-1/2

[Event "I Festival Torre delle Stelle A"]
[Site "Sinnai ITA"]
[Date "2011.06.24"]
[Round "4"]
[White "Caprio, Guido"]
[Black "Du Plessis, Heinco"]
[Result "1/2-1/2"]
[WhiteElo "2305"]
[BlackElo "2120"]
[PlyCount "90"]
[EventDate "2011.06.22"]

1. e4 c5 2. Nf3 d6 3. d4 cxd4 4. Nxd4 Nf6 5. Nc3 a6 6. Bc4 e6 7. Bb3 Nbd7 8. f4
Nc5 9. O-O Ncxe4 10. Nxe4 Nxe4 11. f5 e5 12. Qh5 d5 13. Re1 Bc5 14. Rxe4 Bxd4+
15. Kh1 O-O 16. Rg4 e4 17. c3 Be5 18. Bh6 Kh8 19. Be3 Qf6 20. Rf1 g6 21. Qh6
Bxf5 22. Rh4 Qg7 23. Bxd5 Rad8 24. Bxb7 Rb8 25. Bxe4 Rxb2 26. Bxf5 gxf5 27.
Qxg7+ Bxg7 28. Ra4 Bxc3 29. Rxa6 Re8 30. Bh6 Rbb8 31. Rc6 Re6 32. Rxc3 Rxh6 33.
h3 Ra6 34. Rxf5 Rxa2 35. Rxf7 Rg8 36. Rcc7 Rgxg2 37. Rxh7+ Kg8 38. Rhd7 Rgf2
39. Kg1 Rg2+ 40. Kf1 Rgf2+ 41. Ke1 Rae2+ 42. Kd1 Ra2 43. Ke1 Rae2+ 44. Kd1 Ra2
45. Ke1 Rae2+ 1/2-1/2

[Event "I Festival Torre delle Stelle A"]
[Site "Sinnai ITA"]
[Date "2011.06.24"]
[Round "4"]
[White "Ciampi, Vincenzo"]
[Black "De Rosa, Mariagrazia"]
[Result "0-1"]
[WhiteElo "2101"]
[BlackElo "2113"]
[PlyCount "54"]
[EventDate "2011.06.22"]

1. d4 Nf6 2. Nf3 b6 3. c4 e6 4. a3 Ba6 5. Qb3 Be7 6. Nc3 d5 7. cxd5 exd5 8. g3
O-O 9. Bg2 c5 10. O-O Nc6 11. Qa4 Bb7 12. Rd1 Qd7 13. dxc5 Bxc5 14. Bg5 Ng4 15.
Ne4 Qe6 16. Nxc5 bxc5 17. Qb5 f6 18. Qxb7 fxg5 19. Nxg5 Qxe2 20. Bxd5+ Kh8 21.
Rf1 Nce5 22. Rae1 Qd2 23. Ne4 Nf3+ 24. Kh1 Qh6 25. h4 Nxh4 26. f4 Ng6+ 27. Kg2
Qh2+ 0-1

[Event "I Festival Torre delle Stelle A"]
[Site "Sinnai ITA"]
[Date "2011.06.24"]
[Round "4"]
[White "Grinza, Andrea"]
[Black "Manca, Luca"]
[Result "1-0"]
[WhiteElo "2109"]
[BlackElo "1995"]
[PlyCount "65"]
[EventDate "2011.06.22"]

1. d4 Nf6 2. c4 e6 3. g3 d5 4. Bg2 c6 5. Nf3 Be7 6. O-O O-O 7. Nc3 Nbd7 8. b3
b6 9. Bb2 Ba6 10. Nd2 Rc8 11. e4 dxe4 12. Ncxe4 Nxe4 13. Nxe4 Qc7 14. Re1 Bb7
15. c5 f5 16. Nc3 bxc5 17. Rxe6 Bf6 18. d5 cxd5 19. Bxd5 Kh8 20. Nb5 Qb8 21.
Bxb7 Qxb7 22. Nd6 Qc7 23. Bxf6 Nxf6 24. Nxc8 Rxc8 25. Qf3 Rf8 26. Rae1 g6 27.
Qc3 Qd8 28. Qxc5 Ne4 29. Qe5+ Kg8 30. Re7 Nf6 31. Qe6+ Kh8 32. Rxa7 Re8 33.
Qxf6+ 1-0

[Event "I Festival Torre delle Stelle A"]
[Site "Sinnai ITA"]
[Date "2011.06.24"]
[Round "4"]
[White "Huguet, Sergio"]
[Black "Mariotti, Sergio"]
[Result "0-1"]
[WhiteElo "2139"]
[BlackElo "2329"]
[PlyCount "134"]
[EventDate "2011.06.22"]

1. e4 c5 2. c3 Nf6 3. e5 Nd5 4. d4 cxd4 5. Nf3 Nc6 6. cxd4 d6 7. Bc4 Nb6 8. Bb5
dxe5 9. Nxe5 Bd7 10. Bxc6 Bxc6 11. Nxc6 bxc6 12. Nc3 g6 13. Be3 Bg7 14. Qf3 Nd5
15. O-O Rb8 16. Rab1 O-O 17. Ne4 Qa5 18. Nc5 Rfd8 19. a3 Qb5 20. h4 Nb6 21. a4
Nxa4 22. Nxa4 Qxa4 23. Ra1 Qb5 24. Rxa7 Rb7 25. Rxb7 Qxb7 26. Rc1 Bxd4 27. Bxd4
Rxd4 28. Qxc6 Qxb2 29. g3 Qe2 30. Kg2 Qe4+ 31. Qxe4 Rxe4 32. Rc5 h5 33. Rc7 Kg7
34. Kf3 Re1 35. Rc6 e6 36. Ra6 Kf6 37. Ra7 Rc1 38. Rb7 Rc3+ 39. Kg2 e5 40. Rb6+
Kf5 41. Rb7 f6 42. Rb6 Rc2 43. Ra6 Rd2 44. Rb6 Rd5 45. Ra6 Rd4 46. Rb6 g5 47.
hxg5 Kxg5 48. Rb8 h4 49. gxh4+ Rxh4 50. Rb5 Rc4 51. Rb6 f5 52. Rb5 Kf4 53. Ra5
Rc2 54. Ra4+ e4 55. Ra3 Rd2 56. Rb3 Ra2 57. Rc3 Kg5 58. Rg3+ Kf6 59. Rb3 f4 60.
Kg1 Kf5 61. Rc3 Kg4 62. Rb3 Ra1+ 63. Kg2 e3 64. fxe3 f3+ 65. Kh2 f2 66. Rb4+
Kf3 67. Rf4+ Kxe3 0-1

[Event "I Festival Torre delle Stelle A"]
[Site "Sinnai ITA"]
[Date "2011.06.24"]
[Round "4"]
[White "Ibba, Isacco"]
[Black "Ciobanu, Camelia-Adriana"]
[Result "1/2-1/2"]
[WhiteElo "2187"]
[BlackElo "2216"]
[PlyCount "150"]
[EventDate "2011.06.22"]

1. d4 Nf6 2. Bg5 c5 3. dxc5 Qa5+ 4. Qd2 Qxc5 5. Nc3 d6 6. e4 a6 7. Be3 Qc7 8.
Nd5 Nxd5 9. exd5 Bf5 10. Ne2 Nd7 11. Nd4 Bg6 12. c4 Nf6 13. f4 Be4 14. Rc1 g6
15. Bd3 Bg7 16. O-O O-O 17. Be2 Qd7 18. f5 gxf5 19. Bh6 Bxh6 20. Qxh6 Kh8 21.
Bf3 Ng4 22. Bxg4 fxg4 23. Rf4 f5 24. Ne6 Rg8 25. Rxe4 fxe4 26. Rf1 Qe8 27. Nc7
Qg6 28. Qxg6 hxg6 29. Nxa8 Rxa8 30. Re1 g3 31. hxg3 Kg7 32. Rxe4 Kf7 33. Kf2
Rh8 34. Rh4 Rc8 35. Ke3 Rc7 36. Rf4+ Kg7 37. Kd4 b5 38. b3 bxc4 39. bxc4 Rb7
40. Rf2 Rb1 41. Kc3 g5 42. Rb2 Rc1+ 43. Kb4 Kf6 44. Re2 Kf7 45. a4 Kf6 46. Re6+
Kf7 47. Re4 Rc2 48. Ka5 Ra2 49. Re3 Kf6 50. Re6+ Kf7 51. Re3 Kf6 52. g4 Ra1 53.
Re6+ Kf7 54. Re4 Ra2 55. Re3 Kf6 56. Rf3+ Ke5 57. Rf5+ Kd4 58. Rxg5 Kxc4 59.
Rf5 Rxg2 60. Kxa6 Rxg4 61. Kb6 Rg1 62. Kc6 Kb4 63. Rf7 Rc1+ 64. Kd7 Kc5 65.
Rxe7 Kxd5 66. a5 Rc6 67. Rh7 Ra6 68. Rh5+ Kc4 69. Rh4+ Kc5 70. Ke6 d5+ 71. Ke5
Rxa5 72. Rd4 Kc6 73. Rd1 Ra2 74. Rc1+ Kb5 75. Kxd5 Rd2+ 1/2-1/2

[Event "I Festival Torre delle Stelle A"]
[Site "Sinnai ITA"]
[Date "2011.06.24"]
[Round "4"]
[White "Kogan, Artur"]
[Black "Locci, Damiano"]
[Result "1-0"]
[WhiteElo "2556"]
[BlackElo "2167"]
[PlyCount "59"]
[EventDate "2011.06.22"]

1. c4 Nc6 2. a3 e5 3. b4 d6 4. Nc3 g6 5. g3 Bg7 6. Bg2 f5 7. b5 Nce7 8. e3 Nf6
9. Nge2 O-O 10. O-O h6 11. Qb3 Kh8 12. d4 g5 13. dxe5 dxe5 14. a4 Qe8 15. Ba3
Rg8 16. Rac1 Bf8 17. Nd5 Nexd5 18. cxd5 Bd6 19. Bb2 Ne4 20. f4 gxf4 21. exf4
Bc5+ 22. Rxc5 Nxc5 23. Qc2 Nd7 24. fxe5 Nxe5 25. Qxc7 Bd7 26. Bxe5+ Kh7 27. Bh3
Rg5 28. Rxf5 Rc8 29. Rxg5 hxg5 30. Qxd7+ 1-0

[Event "I Festival Torre delle Stelle A"]
[Site "Sinnai ITA"]
[Date "2011.06.24"]
[Round "4"]
[White "Mallo', Danilo"]
[Black "Zuccarelli, Angelo"]
[Result "1-0"]
[WhiteElo "1930"]
[BlackElo "1897"]
[PlyCount "55"]
[EventDate "2011.06.22"]

1. d4 d5 2. c4 e6 3. Nc3 Nf6 4. Nf3 Be7 5. Bf4 O-O 6. h3 c5 7. e3 Nc6 8. Be2
dxc4 9. dxc5 Nd5 10. Bd6 Bxd6 11. cxd6 Qxd6 12. e4 Rd8 13. exd5 exd5 14. Nd4
Ne5 15. Qd2 Qg6 16. O-O-O a6 17. f4 Nc6 18. g4 Qd6 19. Nxc6 Qxc6 20. Bf3 Qc5
21. Qd4 Qa5 22. Rhe1 Be6 23. f5 Bd7 24. Re7 Bc6 25. f6 Qb4 26. a3 Qd6 27. Bxd5
Bxd5 28. Nxd5 1-0

[Event "I Festival Torre delle Stelle A"]
[Site "Sinnai ITA"]
[Date "2011.06.24"]
[Round "4"]
[White "Mameli, Gianluca"]
[Black "Bonugli, Carlo"]
[Result "1/2-1/2"]
[WhiteElo "1945"]
[BlackElo "2047"]
[PlyCount "129"]
[EventDate "2011.06.22"]

1. e4 e6 2. d4 d5 3. Nc3 Nf6 4. Bg5 Be7 5. e5 Nfd7 6. Bxe7 Qxe7 7. Qg4 O-O 8.
Nf3 c5 9. Bd3 f5 10. exf6 Nxf6 11. Qh4 Nc6 12. O-O-O c4 13. Be2 b5 14. Ne5 Qb7
15. Bf3 b4 16. Nb1 Nd7 17. Nxc6 Qxc6 18. c3 a5 19. Qe7 Rb8 20. Rd2 Bb7 21. Re1
Rbe8 22. Qg5 Qa4 23. a3 bxa3 24. Nxa3 Qc6 25. Bh5 Rf5 26. Qxf5 exf5 27. Bxe8
Qc8 28. Bxd7 Qxd7 29. Rde2 Kf7 30. Re5 Bc6 31. Nc2 Kf6 32. f4 Qd6 33. Ne3 g6
34. g4 fxg4 35. Nxg4+ Kf7 36. Kd2 Bd7 37. Ne3 Bc6 38. Rf1 Qb8 39. Kc1 Qd6 40.
f5 g5 41. Ng4 Bd7 42. Rf3 h5 43. Ne3 g4 44. Rg3 Bc6 45. h3 a4 46. hxg4 a3 47.
Nc2 axb2+ 48. Kxb2 Qb8+ 49. Kc1 Ba4 50. Nb4 hxg4 51. Rxg4 Qh8 52. Re2 Qh3 53.
Reg2 Qxc3+ 54. Nc2 Bxc2 55. Rxc2 Qa3+ 56. Kd2 Qd3+ 57. Kc1 c3 58. Rcg2 Qf1+ 59.
Kc2 Qxf5+ 60. Kxc3 Qc8+ 61. Kd2 Qc4 62. Rg7+ Kf6 63. R2g6+ Kf5 64. Rg5+ Kf6 65.
R5g6+ 1/2-1/2

[Event "I Festival Torre delle Stelle A"]
[Site "Sinnai ITA"]
[Date "2011.06.24"]
[Round "4"]
[White "Piscopo, Pierluigi"]
[Black "Bruno, Fabio"]
[Result "1/2-1/2"]
[WhiteElo "2417"]
[BlackElo "2459"]
[PlyCount "37"]
[EventDate "2011.06.22"]

1. e4 c5 2. Nf3 e6 3. c3 d5 4. exd5 exd5 5. d4 Nc6 6. Bb5 Bd6 7. O-O Nge7 8.
dxc5 Bxc5 9. Nbd2 O-O 10. Nb3 Bb6 11. Bd3 h6 12. Re1 Nf5 13. Bxf5 Bxf5 14. Be3
Be4 15. Bxb6 Qxb6 16. Nfd4 a5 17. Nxc6 bxc6 18. Qd4 Rfb8 19. Re2 1/2-1/2

[Event "I Festival Torre delle Stelle A"]
[Site "Sinnai ITA"]
[Date "2011.06.24"]
[Round "4"]
[White "Puzzoni, Christian"]
[Black "Deruda, Leonardo"]
[Result "1/2-1/2"]
[WhiteElo "2089"]
[BlackElo "1930"]
[PlyCount "115"]
[EventDate "2011.06.22"]

1. Nc3 c5 2. e4 Nc6 3. f4 g6 4. Nf3 Bg7 5. Bc4 e6 6. O-O Nge7 7. d3 d5 8. Bb3
O-O 9. Qe1 Na5 10. f5 Nxb3 11. axb3 exf5 12. Bg5 Qd7 13. Qh4 f6 14. Bd2 fxe4
15. dxe4 dxe4 16. Nxe4 Nf5 17. Qf2 b6 18. Bc3 Bb7 19. Nfd2 Nd4 20. Ra4 f5 21.
Ng5 Qe7 22. Ndf3 Ne2+ 23. Kh1 Nxc3 24. bxc3 Bxf3 25. Nxf3 Bxc3 26. Qg3 Bf6 27.
h4 Qg7 28. Qf4 Rae8 29. h5 Re7 30. c3 Rfe8 31. h6 Qf7 32. c4 Re4 33. Qd6 R4e6
34. Qf4 Re4 35. Qd6 Rd8 36. Qg3 Qd7 37. Ra2 Qe7 38. Qh2 a5 39. g3 Re3 40. Nh4
Bxh4 41. gxh4 Re1 42. Raf2 Qe4+ 43. Kg1 Rxf1+ 44. Rxf1 Qe3+ 45. Kh1 Qxh6 46.
Re1 Qg7 47. h5 g5 48. Qh3 Qf6 49. Qf3 g4 50. Qg3 Qf7 51. Qh4 Rf8 52. Re7 Qf6
53. Qe1 f4 54. Re6 Qd8 55. Re7 Qd6 56. Re6 Qd8 57. Re7 Qd6 58. Re6 1/2-1/2

[Event "I Festival Torre delle Stelle A"]
[Site "Sinnai ITA"]
[Date "2011.06.24"]
[Round "4"]
[White "Sollai, Matteo"]
[Black "D'Orta, Antonio"]
[Result "0-1"]
[WhiteElo "1805"]
[BlackElo "1922"]
[PlyCount "68"]
[EventDate "2011.06.22"]

1. e4 c6 2. d4 d5 3. Nc3 Nf6 4. f3 dxe4 5. Be3 exf3 6. Nxf3 Bg4 7. Bc4 e6 8. h3
Bh5 9. Qe2 Bd6 10. O-O-O Nbd7 11. g4 Bg6 12. Ng5 Nd5 13. Bxd5 cxd5 14. h4 Nf6
15. h5 Be4 16. Ngxe4 Nxe4 17. Nxe4 dxe4 18. Bd2 f5 19. Rdf1 Rf8 20. gxf5 exf5
21. Rhg1 Qd7 22. Bc3 O-O-O 23. d5 Rf7 24. Bd4 Kb8 25. Qf2 a6 26. Rg5 Be7 27.
Qg3+ f4 28. Rxf4 Bxg5 29. Qxg5 Rxf4 30. Qxf4+ Ka8 31. c4 Rc8 32. b3 Qxd5 33.
Bf2 Qd3 34. Qf5 Rd8 0-1

[Event "I Festival Torre delle Stelle A"]
[Site "Sinnai ITA"]
[Date "2011.06.24"]
[Round "4"]
[White "Timman, Jan Hendrik"]
[Black "Shytaj, Luca"]
[Result "1/2-1/2"]
[WhiteElo "2577"]
[BlackElo "2494"]
[PlyCount "146"]
[EventDate "2011.06.22"]

1. Nf3 d5 2. c4 d4 3. g3 g6 4. b4 Bg7 5. d3 e5 6. Nbd2 Nd7 7. Bg2 Ngf6 8. O-O
O-O 9. Qc2 Re8 10. Nb3 Rb8 11. a4 b6 12. a5 Bb7 13. axb6 axb6 14. Ra7 Qc8 15.
Bd2 c5 16. bxc5 bxc5 17. Na5 Ba8 18. Bh3 h6 19. Qa4 Nb6 20. Bxc8 Nxa4 21. Bb7
e4 22. dxe4 Bxb7 23. Nxb7 Nxe4 24. Bf4 Ra8 25. Rxa8 Rxa8 26. Nd6 Nec3 27. Re1
Ra6 28. h4 Rb6 29. Kf1 Bf8 30. Ne8 f6 31. Nc7 Kf7 32. Bd2 Rb7 33. Nd5 Nxd5 34.
cxd5 Rd7 35. e4 dxe3 36. Bxe3 Rxd5 37. Ra1 Nb6 38. Nd2 h5 39. Ra6 Nd7 40. Ke2
Be7 41. Ra7 Ke6 42. Ra6+ Rd6 43. Ra7 Rc6 44. Nc4 Ne5 45. Na5 Rc8 46. Nb3 Bd6
47. Ra6 Kd5 48. Nd2 Rb8 49. f3 f5 50. Bf4 Nf7 51. Bxd6 Nxd6 52. Ke3 Rb4 53. Kd3
Nf7 54. Kc3 Ne5 55. Rf6 Ra4 56. f4 Nc6 57. Rxg6 Ra3+ 58. Kb2 Rd3 59. Kc1 c4 60.
Rg7 Re3 61. Rd7+ Kc5 62. Rf7 c3 63. Rxf5+ Kb4 64. Rd5 Re1+ 65. Kc2 Re2 66. Kd1
Rxd2+ 67. Rxd2 cxd2 68. Kxd2 Kc4 69. Ke2 Kd5 70. Ke3 Nd4 71. f5 Ke5 72. f6 Ne6
73. f7 Kf6 1/2-1/2

[Event "I Festival Torre delle Stelle A"]
[Site "Sinnai ITA"]
[Date "2011.06.25"]
[Round "5"]
[White "Bonugli, Carlo"]
[Black "Puzzoni, Christian"]
[Result "1-0"]
[WhiteElo "2047"]
[BlackElo "2089"]
[PlyCount "93"]
[EventDate "2011.06.22"]

1. e4 e5 2. Bc4 Nf6 3. d3 c6 4. Nf3 d5 5. Bb3 Bg4 6. Nbd2 Nbd7 7. O-O Bc5 8. h3
h5 9. c3 Qc7 10. Re1 O-O-O 11. Qe2 g5 12. Nf1 Bxf3 13. Qxf3 g4 14. Qf5 gxh3 15.
Qxh3 Rdg8 16. Bd1 Kb8 17. b4 Bd6 18. Rb1 d4 19. c4 Ng4 20. f3 Ndf6 21. fxg4
hxg4 22. Qg3 Nh5 23. Qf2 Nf4 24. Qb2 g3 25. Bxf4 exf4 26. Bf3 f5 27. Nd2 Rh2
28. Kf1 Qe7 29. Ke2 Be5 30. Kd1 fxe4 31. Rxe4 Qg7 32. Kc2 Rd8 33. Rbe1 Bf6 34.
Kb1 Qh7 35. a4 Rh8 36. Qc2 Qd7 37. c5 Rh1 38. Qc4 a5 39. b5 cxb5 40. Qxb5 Qc8
41. Nc4 Bd8 42. Nxa5 Bxa5 43. Qxa5 Rxe1+ 44. Rxe1 Re8 45. Rxe8 Qxe8 46. c6 Qe7
47. cxb7 1-0